[Event "III Memorial Oliver Gonzalez (Torneo A)"]
[Site "Polideportivo Daoiz y Velarde,"]
[Date "2012.09.05"]
[Round "5"]
[White "Cruz Alvarez De Ron, Dan"]
[Black "Ciuro Muñoz, Ricardo"]
[Result "1-0"]
[WhiteElo "2233"]
[BlackElo "2102"]
[PlyCount "59"]
[EventDate "2012.09.01"]
[EventRounds "9"]
[EventCountry "ESP"]

1. Nf3 Nf6 2. c4 c5 3. Nc3 Nc6 4. d4 cxd4 5. Nxd4 g6 6. e4 d6 7. Be2 Bg7 8. Be3
Qa5 9. O-O O-O 10. Nb3 Qd8 11. Qd2 Ng4 12. Bg5 Be6 13. c5 Nf6 14. cxd6 exd6 15.
Rfd1 Re8 16. Qf4 h6 17. Bxh6 Bxh6 18. Qxh6 Bxb3 19. axb3 Nxe4 20. Bc4 Qf6 21.
Nd5 Qxf2+ 22. Kh1 Ne5 23. Rf1 Qd4 24. Qf4 Nxc4 25. Qxf7+ Kh8 26. bxc4 Rf8 27.
Qxf8+ Rxf8 28. Rxf8+ Kg7 29. Raf1 Qxc4 30. R1f7+ 1-0

[Event "III Memorial Oliver Gonzalez (Torneo A)"]
[Site "Polideportivo Daoiz y Velarde,"]
[Date "2012.09.05"]
[Round "5"]
[White "Anton Veiga, Juan Carlos"]
[Black "Vega Gomez, Francisco Borja"]
[Result "1-0"]
[WhiteElo "2126"]
[BlackElo "2220"]
[PlyCount "117"]
[EventDate "2012.09.01"]
[EventRounds "9"]
[EventCountry "ESP"]

1. e4 d5 2. exd5 Nf6 3. Nf3 Nxd5 4. d4 g6 5. Bc4 Bg7 6. O-O O-O 7. Re1 Nc6 8.
c3 Bg4 9. h3 Bxf3 10. Qxf3 e6 11. Nd2 Nce7 12. Ne4 h6 13. Nc5 Rb8 14. a4 b6 15.
Nd3 c6 16. Ne5 c5 17. dxc5 bxc5 18. Ng4 Nf5 19. Ra2 h5 20. Ne5 Qd6 21. Nxg6 Nb6
22. Bf4 e5 23. Nxe5 Rbe8 24. Nd3 Rxe1+ 25. Nxe1 Qe7 26. Be2 Re8 27. b3 Bxc3 28.
Qxc3 Nd5 29. Qf3 Nd4 30. Qg3+ Kh8 31. Be3 Nf5 32. Qf3 Ndxe3 33. fxe3 Qe5 34.
Nd3 Qe6 35. Nxc5 Qe5 36. Nd3 Qe6 37. Rb2 Nxe3 38. Qxh5+ Kg8 39. Bf1 Qb6 40. Qc5
Qg6 41. Nf4 Qg3 42. Rf2 Nd1 43. Rf3 Qe1 44. Qg5+ Kh8 45. Qf6+ Kg8 46. Nh5 Qe5
47. Qxf7+ Kh8 48. Qf6+ Qxf6 49. Nxf6 Re5 50. Rc3 Re8 51. Nxe8 Nf2 52. Kxf2 a5
53. Kf3 Kh7 54. Kf4 Kh8 55. Kf5 Kh7 56. Rc4 Kh8 57. Kf6 Kh7 58. g3 Kh8 59. Kf7
1-0

[Event "III Memorial Oliver Gonzalez (Torneo A)"]
[Site "Polideportivo Daoiz y Velarde,"]
[Date "2012.09.05"]
[Round "5"]
[White "Horcajada Reales, Guillermo"]
[Black "Moreno Ibañez, Miguel"]
[Result "1-0"]
[WhiteElo "2207"]
[BlackElo "2093"]
[PlyCount "159"]
[EventDate "2012.09.01"]
[EventRounds "9"]
[EventCountry "ESP"]

1. d4 f5 2. e4 fxe4 3. Nc3 Nf6 4. Bg5 Nc6 5. d5 Ne5 6. Qd4 Nf7 7. Bxf6 exf6 8.
Nxe4 f5 9. Ng3 g6 10. O-O-O Bh6+ 11. Kb1 O-O 12. Nf3 Bg7 13. Qd2 Qf6 14. c3 b5
15. Bxb5 Rb8 16. Nd4 Qb6 17. Ba4 Nd6 18. Qc2 Qc5 19. Ka1 Kh8 20. h4 h5 21. Nge2
Rf6 22. Nf4 Nc4 23. b4 Qd6 24. g3 Rf8 25. Bb3 Ne5 26. Rhe1 Ba6 27. Nde6 Kh7 28.
Nxg7 Kxg7 29. Re3 Ng4 30. Ree1 Rfe8 31. Qd2 Qf6 32. Rxe8 Rxe8 33. Re1 Rxe1+ 34.
Qxe1 Qe5 35. Qxe5+ Nxe5 36. a4 Bf1 37. Bc2 Bc4 38. Kb2 Ng4 39. Bd3 Ne5 40. Bxc4
Nxc4+ 41. Kc2 Kf6 42. a5 Ne5 43. Kb3 Nf3 44. Nd3 Nd2+ 45. Ka4 Ne4 46. Kb5 Nxc3+
47. Ka6 Nxd5 48. Kxa7 Ke6 49. Nf4+ Nxf4 50. gxf4 d5 51. Kb7 d4 52. a6 d3 53. a7
d2 54. a8=Q d1=Q 55. Qe8+ Kf6 56. Qe5+ Kf7 57. Qxc7+ Kg8 58. Qc8+ Kg7 59. b5
Qf3+ 60. Qc6 Qxf2 61. b6 Kh6 62. Kc8 Qa2 63. b7 Qg8+ 64. Kc7 Qf7+ 65. Kc8 Qf8+
66. Kc7 Qe7+ 67. Qd7 Qc5+ 68. Qc6 Qe7+ 69. Kb8 Qd8+ 70. Ka7 Qa5+ 71. Qa6 Qc5+
72. Ka8 Qd5 73. Qa1 Kh7 74. Qe5 Qc6 75. Kb8 Kg8 76. Qc7 Qa6 77. Kc8 Kf8 78. Kd7
Qa4+ 79. Qc6 Qxf4 80. Qd6+ 1-0

[Event "III Memorial Oliver Gonzalez (Torneo A)"]
[Site "Polideportivo Daoiz y Velarde,"]
[Date "2012.09.05"]
[Round "5"]
[White "De La Fuente Gonzalez, Francisc"]
[Black "Lorite Cruz, Francisco"]
[Result "1/2-1/2"]
[WhiteElo "2203"]
[BlackElo "2039"]
[PlyCount "92"]
[EventDate "2012.09.01"]
[EventRounds "9"]
[EventCountry "ESP"]

1. Nf3 d5 2. c4 Nf6 3. cxd5 Nxd5 4. d4 e6 5. e4 Bb4+ 6. Bd2 Bxd2+ 7. Qxd2 Ne7
8. Nc3 c6 9. Bd3 h6 10. O-O Nd7 11. Rad1 f5 12. Rfe1 O-O 13. exf5 exf5 14. Qe2
Ng6 15. Qe6+ Kh7 16. Bxf5 Nf6 17. Bxg6+ Kxg6 18. Qe7 Kh7 19. Qxd8 Rxd8 20. Re7
Rd7 21. Rde1 Rxe7 22. Rxe7 Bd7 23. Ne4 Nxe4 24. Rxd7 Rb8 25. Kf1 Nf6 26. Re7
Nd5 27. Re4 Rf8 28. Ne1 Rd8 29. Nc2 Rd7 30. a3 Kg6 31. g3 a5 32. f4 a4 33. Kf2
Kf7 34. Kf3 Rd8 35. g4 Ra8 36. Ne1 Ra6 37. Nd3 Rb6 38. g5 Rb3 39. Ke2 hxg5 40.
fxg5 Kg6 41. Re5 Nb6 42. Nf4+ Kf7 43. Rf5+ Ke7 44. Re5+ Kf7 45. Rf5+ Ke7 46.
Re5+ Kf7 1/2-1/2

[Event "III Memorial Oliver Gonzalez (Torneo A)"]
[Site "Polideportivo Daoiz y Velarde,"]
[Date "2012.09.05"]
[Round "5"]
[White "Perez Cameselle, Francisco"]
[Black "Montañes Arribas, Adrian"]
[Result "0-1"]
[WhiteElo "1836"]
[BlackElo "2200"]
[PlyCount "48"]
[EventDate "2012.09.01"]
[EventRounds "9"]
[EventCountry "ESP"]

1. e4 c5 2. d3 Nc6 3. Nf3 g6 4. g3 Bg7 5. Bg2 d6 6. Nbd2 e5 7. O-O Nge7 8. c3
O-O 9. a4 h6 10. Nc4 Be6 11. Be3 f5 12. Qe2 f4 13. Bd2 g5 14. Ne1 Qd7 15. b4
cxb4 16. cxb4 Nd4 17. Qd1 f3 18. Bxf3 Rxf3 19. Nxf3 Bg4 20. Nfxe5 dxe5 21. f3
Nxf3+ 22. Rxf3 Bxf3 23. Qxf3 Qd4+ 24. Kg2 Qxa1 0-1

[Event "III Memorial Oliver Gonzalez (Torneo A)"]
[Site "Polideportivo Daoiz y Velarde,"]
[Date "2012.09.05"]
[Round "5"]
[White "Rodrigo Yanguas, Maria"]
[Black "Santos Ruiz, Miguel"]
[Result "1-0"]
[WhiteElo "2171"]
[BlackElo "2050"]
[PlyCount "129"]
[EventDate "2012.09.01"]
[EventRounds "9"]
[EventCountry "ESP"]

1. e4 e6 2. d4 d5 3. Nd2 Nc6 4. c3 e5 5. dxe5 dxe4 6. Qe2 Qd5 7. Nxe4 Qxe5 8.
Bf4 Qe6 9. O-O-O Be7 10. Bxc7 Qxa2 11. Nd6+ Kf8 12. Qc4 Qxc4 13. Bxc4 Nh6 14.
Nf3 Bg4 15. Rhe1 Bxf3 16. gxf3 Bg5+ 17. Kb1 Bf4 18. Re4 Bxh2 19. Nxf7 Nxf7 20.
Bxh2 Rd8 21. Rxd8+ Ncxd8 22. Bc7 g5 23. f4 g4 24. f5 h5 25. f6 Rh6 26. Rf4 h4
27. Rxg4 Rxf6 28. Rxh4 Rxf2 29. Bd5 Rf5 30. Be4 Rc5 31. Bg3 Ke7 32. Rh7 Ke6 33.
Bc2 Rg5 34. Bb3+ Kf5 35. Bc7 Kg6 36. Bc2+ Kf6 37. Rh1 Ke7 38. Bf4 Rg7 39. Re1+
Ne6 40. Bf5 Nfd8 41. Be3 b6 42. Bf2 Kd6 43. Rd1+ Kc7 44. Bg1 Rd7 45. Bh2+ Kc8
46. Re1 Re7 47. Bg3 Kd7 48. Bh4 Rf7 49. Rd1+ Kc7 50. Bg3+ Kb7 51. Be4+ Kc8 52.
Bd3 Nc5 53. Bf1 Rg7 54. Bh4 Ncb7 55. Ba6 Kc7 56. Bf6 Rd7 57. Be5+ Kc8 58. Rh1
Rd5 59. Bg3 Rg5 60. Bh4 Ra5 61. Be2 Nf7 62. Bg4+ Kc7 63. Bg3+ Nbd6 64. Rh7 Kd8
65. Bxd6 1-0

[Event "III Memorial Oliver Gonzalez (Torneo A)"]
[Site "Polideportivo Daoiz y Velarde,"]
[Date "2012.09.05"]
[Round "5"]
[White "Santos, Jose Alves"]
[Black "Blanco Sanchez, Jose Fernando"]
[Result "1-0"]
[WhiteElo "2265"]
[BlackElo "2107"]
[PlyCount "61"]
[EventDate "2012.09.01"]
[EventRounds "9"]
[EventCountry "ESP"]

1. e4 c6 2. d4 d5 3. exd5 cxd5 4. Bd3 Nc6 5. c3 g6 6. Bf4 Bg7 7. Nf3 f6 8. O-O
Nh6 9. c4 Bg4 10. cxd5 Bxf3 11. Qxf3 Nxd4 12. Qe3 Ndf5 13. Qh3 O-O 14. Nc3 Qc8
15. Ne4 Nf7 16. Rac1 Qd8 17. g4 N5d6 18. Nc5 Qa5 19. Ne6 Rfc8 20. Rce1 Re8 21.
a3 Rac8 22. Qf3 Bh6 23. h4 Bxf4 24. Nxf4 Ne5 25. Qe2 Nxd3 26. Qxd3 Rc4 27. Qf3
Qd2 28. Re3 Rec8 29. Nd3 Rd4 30. Rd1 Nc4 31. Rxd2 1-0

[Event "III Memorial Oliver Gonzalez (Torneo A)"]
[Site "Polideportivo Daoiz y Velarde,"]
[Date "2012.09.05"]
[Round "5"]
[White "Ginesta Caballero, Olga Lucia"]
[Black "Martin Duque, Jesus"]
[Result "0-1"]
[WhiteElo "2099"]
[BlackElo "2261"]
[PlyCount "160"]
[EventDate "2012.09.01"]
[EventRounds "9"]
[EventCountry "ESP"]

1. e4 e6 2. d3 d5 3. Nd2 Nf6 4. Ngf3 c5 5. Be2 Nc6 6. c3 Bd6 7. O-O O-O 8. Qc2
Bd7 9. Re1 Rc8 10. Bf1 Qc7 11. g3 Qb8 12. a4 b6 13. Bg2 a6 14. Nf1 c4 15. exd5
exd5 16. d4 Rfe8 17. Bd2 Na5 18. Ne5 Bxe5 19. Rxe5 Rxe5 20. Bf4 Nb3 21. Ra3 Re1
22. Bxb8 Rxb8 23. Rxb3 cxb3 24. Qxb3 Ra1 25. f3 a5 26. Qc2 Re8 27. b3 Ree1 28.
Kf2 Rac1 29. Qd2 Red1 30. Qe2 Bf5 31. Ne3 Bd3 32. Qxd1 Rxd1 33. Nxd1 Bc2 34.
Nb2 Bxb3 35. Bf1 Kf8 36. Bb5 Ke7 37. Nd3 Nd7 38. Ke3 f6 39. h4 Nf8 40. Nf4 g5
41. Nh3 gxh4 42. gxh4 Ne6 43. Nf2 Nc7 44. Bd3 h5 45. Bg6 Bxa4 46. Bxh5 Bc2 47.
Kd2 Bh7 48. Nd3 a4 49. Nb4 a3 50. Bg4 Kd6 51. Bh3 Na6 52. Nc2 a2 53. Na1 Nc7
54. Kc1 Ne6 55. Kb2 Nf4 56. Bf1 Bb1 57. Nb3 Ke6 58. Nd2 Kf5 59. Nxb1 axb1=Q+
60. Kxb1 Kg6 61. Kb2 Kh5 62. Kb3 Kxh4 63. Kb4 Kg3 64. Ba6 Kxf3 65. c4 Ke4 66.
c5 bxc5+ 67. dxc5 Ne6 68. Bc8 Nc7 69. c6 d4 70. Bh3 d3 71. Bg4 f5 72. Bd1 Ke3
73. Kc5 f4 74. Kc4 d2 75. Kc3 Nb5+ 76. Kc4 f3 77. Bxf3 Kxf3 78. Kxb5 d1=Q 79.
c7 Qd7+ 80. Kb6 Qc8 0-1

[Event "III Memorial Oliver Gonzalez (Torneo A)"]
[Site "Polideportivo Daoiz y Velarde,"]
[Date "2012.09.05"]
[Round "5"]
[White "Garcia Salamero, Gabriel"]
[Black "Alvarez Abejon, Amilcar"]
[Result "0-1"]
[WhiteElo "2239"]
[BlackElo "2105"]
[PlyCount "104"]
[EventDate "2012.09.01"]
[EventRounds "9"]
[EventCountry "ESP"]

1. e4 e5 2. Nf3 Nc6 3. Bb5 Nf6 4. Nc3 Bc5 5. Nxe5 Nxe5 6. d4 Bd6 7. f4 Nc6 8.
e5 Be7 9. d5 Nb4 10. exf6 Bxf6 11. O-O O-O 12. Bc4 d6 13. a3 Na6 14. Ne4 Bf5
15. Ng3 Bd7 16. c3 Nc5 17. Ra2 Ba4 18. b3 b5 19. bxa4 bxc4 20. Be3 Nd3 21. Qd2
Re8 22. Bd4 Qe7 23. Nf5 Bxd4+ 24. Nxd4 Qe4 25. Qd1 Qxd5 26. Qg4 h5 27. Qg3 Re4
28. Re2 Rxe2 29. Nxe2 Re8 30. Nd4 Qc5 31. f5 Qe5 32. Qf3 a6 33. h3 Qe3+ 34. Kh2
Qxf3 35. Rxf3 Re1 36. f6 Rc1 37. fxg7 Kxg7 38. Ne2 Rc2 39. Re3 Kf8 40. Kg3 Rd2
41. Nf4 Nxf4 42. Kxf4 Rxg2 43. Re4 d5 44. Re5 c6 45. Rxh5 Rc2 46. Ke5 Rxc3 47.
Kd6 d4 48. Kxc6 d3 49. Rd5 Rc2 50. h4 d2 51. h5 Kg7 52. Kc5 c3 0-1

[Event "III Memorial Oliver Gonzalez (Torneo A)"]
[Site "Polideportivo Daoiz y Velarde,"]
[Date "2012.09.05"]
[Round "5"]
[White "Fernandez Blazquez, Diego"]
[Black "Lopez Mulet, Inigo"]
[Result "1/2-1/2"]
[WhiteElo "2215"]
[BlackElo "2019"]
[PlyCount "67"]
[EventDate "2012.09.01"]
[EventRounds "9"]
[EventCountry "ESP"]

1. e4 e6 2. d4 d5 3. Nc3 Nf6 4. e5 Nfd7 5. f4 c5 6. Nf3 Nc6 7. Be3 cxd4 8. Nxd4
Bc5 9. Qd2 a6 10. g3 Nxd4 11. Bxd4 Qc7 12. Bg2 Nb8 13. O-O Bxd4+ 14. Qxd4 Nc6
15. Qf2 b5 16. f5 Qa7 17. fxe6 fxe6 18. Ne2 Rf8 19. Qxa7 Rxa7 20. Rxf8+ Kxf8
21. Nf4 Ke7 22. Nd3 Bd7 23. c3 Be8 24. Re1 a5 25. Nc5 Rc7 26. Bh3 Bd7 27. a3
Rc8 28. b4 axb4 29. axb4 Ra8 30. Bf1 Ra3 31. Bxb5 Be8 32. Rc1 Ra2 33. Re1 Ra3
34. Rc1 1/2-1/2

[Event "III Memorial Oliver Gonzalez (Torneo A)"]
[Site "Polideportivo Daoiz y Velarde,"]
[Date "2012.09.05"]
[Round "5"]
[White "Martin Martin, Luis Vicente"]
[Black "Perez De Aranda A., Leonardo I"]
[Result "0-1"]
[WhiteElo "2069"]
[BlackElo "2113"]
[PlyCount "48"]
[EventDate "2012.09.01"]
[EventRounds "9"]
[EventCountry "ESP"]

1. e4 c5 2. Nf3 d6 3. d4 cxd4 4. Qxd4 Nc6 5. Bb5 Bd7 6. Bxc6 Bxc6 7. Nc3 Nf6 8.
Bg5 e6 9. O-O-O Be7 10. Rhe1 O-O 11. e5 dxe5 12. Qh4 Qc7 13. Nxe5 Rfd8 14.
Rxd8+ Bxd8 15. f4 b5 16. Re3 b4 17. Nd1 Be4 18. Qf2 Bf5 19. Qe2 Nd5 20. Bxd8
Rxd8 21. Rf3 Rc8 22. c3 Qa5 23. g4 Qxa2 24. gxf5 bxc3 0-1

[Event "III Memorial Oliver Gonzalez (Torneo A)"]
[Site "Polideportivo Daoiz y Velarde,"]
[Date "2012.09.05"]
[Round "5"]
[White "Corisco Beltran, Rafael"]
[Black "Ananian, Arman"]
[Result "1-0"]
[WhiteElo "1979"]
[BlackElo "1866"]
[PlyCount "79"]
[EventDate "2012.09.01"]
[EventRounds "9"]
[EventCountry "ESP"]

1. e4 c5 2. Nf3 Nc6 3. d4 cxd4 4. Nxd4 e5 5. Nb5 d6 6. N1c3 a6 7. Na3 Be6 8.
Nc4 f5 9. exf5 Bxf5 10. Ne3 Be6 11. Ned5 Rb8 12. a4 Nf6 13. Bc4 Nd4 14. a5 Be7
15. Be3 Rc8 16. Nxf6+ Bxf6 17. Bxe6 Nxe6 18. O-O O-O 19. Qd5 Qe7 20. Ra3 Kh8
21. Rb3 Rc6 22. Ne4 Nc7 23. Qd2 d5 24. Nxf6 Qxf6 25. Rxb7 d4 26. Bg5 Qg6 27. c3
Ne6 28. Bh4 Nc5 29. Be7 Ne4 30. Qd1 Rfc8 31. cxd4 Nxf2 32. Rxf2 Qh6 33. Bc5
exd4 34. b4 Re6 35. Rbf7 Rg8 36. Bxd4 Qg6 37. Bxg7+ Rxg7 38. Rf8+ Rg8 39. Qd4+
Qg7 40. Rxg8+ 1-0

[Event "III Memorial Oliver Gonzalez (Torneo A)"]
[Site "Polideportivo Daoiz y Velarde,"]
[Date "2012.09.05"]
[Round "5"]
[White "Largo Barbero, Benito"]
[Black "Coleto Calderon, Jose Antonio"]
[Result "1-0"]
[WhiteElo "1885"]
[BlackElo "2096"]
[PlyCount "67"]
[EventDate "2012.09.01"]
[EventRounds "9"]
[EventCountry "ESP"]

1. Nc3 d5 2. d4 e6 3. e4 dxe4 4. Nxe4 Nf6 5. Bd3 Be7 6. Nf3 Nbd7 7. Bf4 Nxe4 8.
Bxe4 Nf6 9. Bd3 O-O 10. h4 c5 11. Be5 Re8 12. c3 cxd4 13. Bxd4 e5 14. Bxe5 Ng4
15. O-O Nxe5 16. Nxe5 Be6 17. Qc2 {(=)} h6 18. Rad1 Qc7 19. Nf3 Bg4 20. Be4 Bf6
21. Rd2 Qf4 22. Bxb7 Bxf3 23. Bxf3 Be5 24. Re1 Qh2+ 25. Kf1 Qh1+ 26. Ke2 Bf4+
27. Be4 Qxg2 28. Kd1 Qg4+ 29. f3 Qxh4 30. Rd5 {(=)} Rad8 31. Rxd8 Rxd8+ 32. Bd3
Qg5 33. Qe2 Qd5 34. Qe8+ 1-0

[Event "III Memorial Oliver Gonzalez (Torneo A)"]
[Site "Polideportivo Daoiz y Velarde,"]
[Date "2012.09.05"]
[Round "5"]
[White "Lopez Ziegler, Carlos"]
[Black "Laynez Aspenberg, Jose"]
[Result "1-0"]
[WhiteElo "1918"]
[BlackElo "1915"]
[PlyCount "93"]
[EventDate "2012.09.01"]
[EventRounds "9"]
[EventCountry "ESP"]

1. e4 d5 2. exd5 Qxd5 3. Nc3 Qa5 4. g3 Nf6 5. Bg2 c6 6. Nge2 Bf5 7. O-O e6 8.
d3 Nbd7 9. a3 Qc7 10. b4 a6 11. Rb1 Be7 12. Ne4 O-O 13. Nd4 Bxe4 14. dxe4 c5
15. Bf4 Bd6 16. Bxd6 Qxd6 17. Nb3 Qxd1 18. Rfxd1 cxb4 19. axb4 e5 20. c4 Rac8
21. Rbc1 Nb8 22. Bh3 Rcd8 23. f3 Nc6 24. b5 axb5 25. cxb5 Nd4 26. Nxd4 Rxd4 27.
Rxd4 exd4 28. b6 Rd8 29. Rc8 Rxc8 30. Bxc8 Kf8 31. Kf2 Ke7 32. Bxb7 Nd7 33. Ke2
Kd6 34. Bd5 Nxb6 35. Bxf7 Nd7 36. f4 Nc5 37. e5+ Ke7 38. Bc4 Kd7 39. g4 Ke7 40.
h4 g6 41. Bd5 Kd7 42. f5 gxf5 43. gxf5 Ke8 44. f6 Nd7 45. Bc6 Kd8 46. Bxd7 Kxd7
47. Kd3 1-0

[Event "III Memorial Oliver Gonzalez (Torneo A)"]
[Site "Polideportivo Daoiz y Velarde,"]
[Date "2012.09.05"]
[Round "5"]
[White "Tipter, Napoleon"]
[Black "De La Orden Alcocer, Alejandro"]
[Result "0-1"]
[WhiteElo "2002"]
[BlackElo "1857"]
[PlyCount "76"]
[EventDate "2012.09.01"]
[EventRounds "9"]
[EventCountry "ESP"]

1. e4 Nf6 2. e5 Nd5 3. c4 Nb6 4. d4 d6 5. f4 dxe5 6. fxe5 c5 7. d5 g6 8. Be3
Bg7 9. Nf3 Bg4 10. Nc3 N8d7 11. e6 fxe6 12. h3 Bxf3 13. Qxf3 exd5 14. cxd5 Na4
15. Bd2 Nxc3 16. Bxc3 Rf8 17. Qe3 Bxc3+ 18. Qxc3 Qc7 19. O-O-O O-O-O 20. Be2
Qe5 21. Bg4 Qxc3+ 22. bxc3 Rf2 23. Rd2 Rdf8 24. Re1 Rxd2 25. Kxd2 Rf2+ 26. Kd3
Kd8 27. Re2 Rxe2 28. Bxe2 Kc7 29. c4 Kd6 30. Ke4 h6 31. h4 Nf6+ 32. Kf4 b5 33.
Bd3 bxc4 34. Bxg6 Nxd5+ 35. Kf3 c3 36. a3 Ke5 37. g4 Nf4 38. Bc2 Ne6 0-1

[Event "III Memorial Oliver Gonzalez (Torneo A)"]
[Site "Polideportivo Daoiz y Velarde,"]
[Date "2012.09.06"]
[Round "6"]
[White "Anton Guijarro, David"]
[Black "Vovk, Andrey"]
[Result "1/2-1/2"]
[WhiteElo "2546"]
[BlackElo "2549"]
[PlyCount "60"]
[EventDate "2012.09.01"]
[EventRounds "9"]
[EventCountry "ESP"]

1. d4 Nf6 2. Nf3 g6 3. Bg5 Bg7 4. Nbd2 c5 5. c3 cxd4 6. cxd4 Nc6 7. e3 O-O 8.
Bd3 d5 9. O-O Qb6 10. Qb3 Be6 11. Rfc1 Rfc8 12. Qa3 Nb4 13. Ne1 Nxd3 14. Nxd3
Bf5 15. Nf4 e6 16. Bxf6 Bxf6 17. Rc3 Be7 18. Qxe7 Qxb2 19. Rxc8+ Rxc8 20. Rf1
Qxd2 21. h3 Qxa2 22. g4 Be4 23. Nxe6 Qc2 24. Qf6 fxe6 25. Qxe6+ Kf8 26. Qf6+
Kg8 27. Qe6+ Kg7 28. Qe7+ Kh8 29. Qf6+ Kg8 30. Qe6+ Kg7 1/2-1/2

[Event "III Memorial Oliver Gonzalez (Torneo A)"]
[Site "Polideportivo Daoiz y Velarde,"]
[Date "2012.09.06"]
[Round "6"]
[White "Almagro Llamas, Pablo"]
[Black "Kravtsiv, Martyn"]
[Result "0-1"]
[WhiteElo "2455"]
[BlackElo "2581"]
[PlyCount "58"]
[EventDate "2012.09.01"]
[EventRounds "9"]
[EventCountry "ESP"]

1. d4 Nf6 2. Nf3 e6 3. Bf4 d5 4. e3 c5 5. c3 Nc6 6. Nbd2 Bd6 7. Bxd6 Qxd6 8.
Bb5 O-O 9. O-O Bd7 10. a4 a6 11. Be2 e5 12. Nc4 dxc4 13. dxe5 Qxd1 14. Rfxd1
Be6 15. exf6 gxf6 16. Nd2 Na5 17. Ne4 Nb3 18. Rab1 Kg7 19. Nd6 b5 20. e4 Rab8
21. axb5 axb5 22. f4 Rfd8 23. f5 Bd7 24. Kf2 Bc6 25. Ke3 Rd7 26. Bf3 Rbd8 27.
e5 Bxf3 28. Ne8+ Rxe8 29. Rxd7 Bc6 0-1

[Event "III Memorial Oliver Gonzalez (Torneo A)"]
[Site "Polideportivo Daoiz y Velarde,"]
[Date "2012.09.06"]
[Round "6"]
[White "Lariño Nieto, David"]
[Black "Arribas Lopez, Angel"]
[Result "1-0"]
[WhiteElo "2487"]
[BlackElo "2467"]
[PlyCount "137"]
[EventDate "2012.09.01"]
[EventRounds "9"]
[EventCountry "ESP"]

1. e4 Nc6 2. Nf3 Nf6 3. e5 Ng4 4. d4 d6 5. h3 Nh6 6. exd6 exd6 7. g4 d5 8. Bg2
Qe7+ 9. Qe2 Qxe2+ 10. Kxe2 Bd6 11. Nc3 Nb4 12. Nb5 Bd7 13. Nxd6+ cxd6 14. c3
Bb5+ 15. Kd2 Nc6 16. Kc2 Rc8 17. Bxh6 gxh6 18. Kd2 Ne7 19. Rhe1 Kd7 20. Nh4 Bc6
21. Bf1 h5 22. gxh5 Rcg8 23. b4 Kd8 24. Re3 Rg5 25. Rae1 Nf5 26. Nxf5 Rxf5 27.
Bg2 Rxf2+ 28. R1e2 Rxe2+ 29. Kxe2 Rg8 30. Kf2 Rg5 31. Bf3 Bd7 32. h4 Rf5 33.
Kg3 Be6 34. Re1 h6 {(=)} 35. Rb1 Bd7 36. b5 Kc7 37. a4 b6 38. Rg1 Be6 39. Kf2
Rf4 40. Rg7 Rxh4 41. Kg3 Rh3+ 42. Kg2 Rh4 43. Rh7 Rf4 44. Rxh6 Bg4 45. Kg3
Rxf3+ 46. Kxg4 Rf1 47. Rh8 Kd7 48. h6 Rg1+ 49. Kf4 Rf1+ 50. Kg3 Rh1 51. h7 Ke7
52. Ra8 Rxh7 53. Rxa7+ Ke6 54. Rb7 Rh1 55. Rxb6 Ra1 56. Ra6 Kd7 57. Ra7+ Kc8
58. a5 Kb8 59. Ra6 Rb1 60. Rb6+ Kc7 61. Kf4 Rb3 62. Kf5 Rb1 63. Kf6 Rf1+ 64.
Ke7 f5 65. Rc6+ Kb8 66. Kxd6 f4 67. Kc5 f3 68. Kb6 f2 69. Rf6 1-0

[Event "III Memorial Oliver Gonzalez (Torneo A)"]
[Site "Polideportivo Daoiz y Velarde,"]
[Date "2012.09.06"]
[Round "6"]
[White "Fedorchuk, Sergey A"]
[Black "Meszaros, Tamas"]
[Result "1-0"]
[WhiteElo "2646"]
[BlackElo "2428"]
[PlyCount "79"]
[EventDate "2012.09.01"]
[EventRounds "9"]
[EventCountry "ESP"]

1. e4 c6 2. Nf3 d5 3. Nc3 Bg4 4. h3 Bxf3 5. Qxf3 e6 6. d4 Qb6 7. Bd3 Qxd4 8.
exd5 cxd5 9. Bf4 g5 10. Bg3 Nc6 11. Nb5 Qf6 12. Nc7+ Kd7 13. Nxa8 Qxf3 14. gxf3
Bd6 15. h4 gxh4 16. Rxh4 f5 17. c4 Nge7 18. cxd5 Nxd5 19. Bc4 Bxg3 20. fxg3 Ne3
21. Kf2 Nxc4 22. Rxc4 Rxa8 23. Rh1 Kd6 24. Rxh7 b5 25. Rch4 a5 26. Rh8 Ra6 27.
R4h6 Nb4 28. Ke2 Rc6 29. a3 Nd5 30. Rd8+ Kc5 31. Re8 Kd4 32. Kd2 Nc7 33. Rc8
Ke5 34. Ke2 Rc2+ 35. Kf1 Rc1+ 36. Kg2 Rc2+ 37. Kh3 Rc1 38. Kh4 Rc4+ 39. Kg5 Kd4
40. Rh4+ 1-0

[Event "III Memorial Oliver Gonzalez (Torneo A)"]
[Site "Polideportivo Daoiz y Velarde,"]
[Date "2012.09.06"]
[Round "6"]
[White "Espinosa Aranda, Angel"]
[Black "Narciso Dublan, Marc"]
[Result "0-1"]
[WhiteElo "2422"]
[BlackElo "2523"]
[PlyCount "122"]
[EventDate "2012.09.01"]
[EventRounds "9"]
[EventCountry "ESP"]

1. e4 e5 2. Nf3 Nc6 3. Bb5 a6 4. Ba4 Nf6 5. O-O Be7 6. Re1 b5 7. Bb3 d6 8. c3
O-O 9. d4 Bg4 10. Be3 exd4 11. cxd4 d5 12. e5 Ne4 13. Nc3 Nxc3 14. bxc3 Na5 15.
Bc2 Nc4 16. h3 Bh5 17. g4 Bg6 18. Bf5 a5 19. Qd3 b4 20. Kh1 bxc3 21. Rg1 Kh8
22. Qxc3 Bxf5 23. gxf5 f6 24. e6 Qe8 25. Rg4 Qh5 26. Nh4 Bd6 27. Rag1 Rfe8 28.
Bf4 Bxf4 29. Rxf4 Qh6 30. Rfg4 Nd6 31. Qg3 Ne4 32. Qg2 Re7 33. f3 Nd6 34. Qg3
Kg8 35. Kh2 Rb8 36. Rg2 Rb4 37. Rc2 Rc4 38. Rb2 Rb4 39. Rxb4 Qd2+ 40. Qg2 Qxb4
41. Qc2 Nc4 42. Ng2 a4 43. Qf2 Qb1 44. Nh4 Nd6 45. Rg2 Nxf5 46. Qb2 Qxb2 47.
Rxb2 Nd6 48. Rb8+ Re8 49. Rxe8+ Nxe8 50. Nf5 Kf8 51. Ne3 c6 52. f4 Nc7 53. f5
g6 54. Kg3 gxf5 55. Kf4 Nxe6+ 56. Kxf5 Ke7 57. Nc2 Ng7+ 58. Kf4 Kd6 59. Ne1
Ne6+ 60. Kf5 Nxd4+ 61. Kxf6 c5 0-1

[Event "III Memorial Oliver Gonzalez (Torneo A)"]
[Site "Polideportivo Daoiz y Velarde,"]
[Date "2012.09.06"]
[Round "6"]
[White "Moreno Ruiz, Javier"]
[Black "Moreno Tejera, Emilio"]
[Result "1/2-1/2"]
[WhiteElo "2492"]
[BlackElo "2358"]
[PlyCount "108"]
[EventDate "2012.09.01"]
[EventRounds "9"]
[EventCountry "ESP"]

1. d4 Nf6 2. c4 g6 3. Nc3 Bg7 4. e4 d6 5. Be2 O-O 6. Nf3 Na6 7. Bf4 Bg4 8. h3
Bxf3 9. Bxf3 Nd7 10. Be3 c5 11. d5 Nc7 12. a4 e6 13. Qd2 exd5 14. exd5 f5 15.
Be2 Be5 16. f4 Qh4+ 17. Kd1 Bg7 18. Kc2 Rae8 19. Rae1 Re7 20. Bf3 Rfe8 21. Bf2
Qf6 22. Rxe7 Rxe7 23. Re1 Bh6 24. Rxe7 Qxe7 25. g3 Bg7 26. g4 fxg4 27. hxg4 g5
28. fxg5 Bxc3 29. bxc3 Nb6 30. Qf4 Qf7 31. Qxf7+ Kxf7 32. Kb3 Nd7 33. Bg3 Ke7
34. Be4 Nf8 35. a5 b6 36. axb6 axb6 37. Ka4 Ng6 38. Bf5 Nf8 39. Bxh7 Nxh7 40.
g6 Nf6 41. Bh4 Nce8 42. Kb5 Kf8 43. Kxb6 Kg7 44. Bg3 Ne4 45. Bf4 Kxg6 46. Kc6
Kf7 47. Kd7 N4f6+ 48. Kc6 Ke7 49. Bxd6+ Nxd6 50. Kxc5 Nxg4 51. Kd4 Nf5+ 52. Ke4
Nd6+ 53. Kd4 Nf5+ 54. Ke4 Nd6+ 1/2-1/2

[Event "III Memorial Oliver Gonzalez (Torneo A)"]
[Site "Polideportivo Daoiz y Velarde,"]
[Date "2012.09.06"]
[Round "6"]
[White "Chueca Forcen, Alberto"]
[Black "Forcen Esteban, Daniel"]
[Result "0-1"]
[WhiteElo "2313"]
[BlackElo "2469"]
[PlyCount "76"]
[EventDate "2012.09.01"]
[EventRounds "9"]
[EventCountry "ESP"]

1. d4 Nf6 2. c4 g6 3. Nf3 Bg7 4. Bf4 d6 5. h3 O-O 6. e3 Nfd7 7. Be2 e5 8. Bh2
Nc6 9. Nc3 f5 10. O-O e4 11. Nd2 Nf6 12. Rb1 g5 13. b4 Ne7 14. a4 Ng6 15. b5
Qe7 16. Re1 Nh4 17. a5 b6 18. a6 Be6 19. Rc1 Qf7 20. c5 Rad8 21. cxd6 cxd6 22.
Qa4 d5 23. Na2 f4 24. exf4 Nd7 25. Rc6 gxf4 26. Nxe4 Qg6 27. Bg4 Rde8 28. Qb4
dxe4 29. d5 Ne5 30. dxe6 Nxc6 31. bxc6 h5 32. e7 Rf7 33. c7 hxg4 34. Rd1 g3 35.
fxg3 fxg3 36. Bxg3 Qxg3 37. Qxe4 Be5 38. Qg4+ Qxg4 0-1